000 00639nam a22001937a 4500
999 _c9259
_d9259
003 AR-CdUCM
008 190327b ||||| |||| 00| 0 spa d
040 _aMUNICIPALIDAD PROVINCIAL DEL CUSCO
_cBIBLIOTECA MUNICIPAL DEL CUSCO
082 _22ed.
_a299.932 /
_bA88
100 _aAun Weor, Samael
_925347
245 _aTratado de psicología revolucionaria /
260 _aLima :
_bMGCU,
_c2015.
300 _a189 páginas ;
_c20 cm.
505 _aEl nivel del ser -- La escalera maravillosa -- Rebeldía psicológica -- La esencia...
650 _aPsicología.
_91538
650 _aReligión.
_91195
942 _2ddc
_cLIBROS
945 _awfj